Novum Testamentum
Saved in:
| Hovedforfatter: | |
|---|---|
| Format: | Bog |
| Sprog: | Oldgræsk latin |
| Udgivet: |
Nueva York
Collins and Hannay
1831
|
| Udgivelse: | 1a. ed |
| Fag: | |
| Tags: |
Tilføj Tag
Ingen Tags, Vær først til at tagge denne postø!
|
MARC
| LEADER | 00000cam a2200000 a 4500 | ||
|---|---|---|---|
| 001 | UCD3349 | ||
| 003 | CL-VaPUC | ||
| 008 | 160603e18310000us |||||||||||||||||grc|d | ||
| 041 | 0 | 7 | |a grc |2 CL-VaPUC |
| 041 | 0 | 7 | |a lat |2 CL-VaPUC |
| 082 | 0 | 4 | |a 225 |b LEU |2 21 |
| 100 | |a Leusden, Johanne |e author |9 586780 | ||
| 245 | 1 | 0 | |a Novum Testamentum |
| 250 | |a 1a. ed | ||
| 300 | |a 755 p | ||
| 942 | |c BK | ||
| 945 | |d 20160603 11:43:00 |a dcastane | ||
| 260 | |a Nueva York |b Collins and Hannay |c 1831 | ||
| 650 | 0 | |a Nuevo testamento |9 257604 | |
| 583 | |a last modification |c 20160603 11:43:00 |k Rodrigo Vera | ||
| 999 | |c 364385 |d 364383 | ||
| 952 | |0 0 |1 0 |3 erd |4 0 |6 225_000000000000000_LEU_1831 |7 0 |8 X |9 477540 |a BIBTEO |b BIBTEO |c TEO_FFR |i 523526K |o 225 LEU 1831 |p 523526K |r 2024-01-18 |w 2019-11-24 |y BK_X |z Catalogado en:20160603 |k OFM | ||